000 00882nam a2200253Ia 4500
003 OSt
005 20220923211138.0
006 a|||||r|||| 00| 0
007 ta
008 220922b |||||||| |||| 00| 0 hin d
020 _a8185999597 (hbk)
_c550
024 _a237,803
037 _b407, 23/03/2009, Swaraj Prakashan
_cTextual
040 _aARTS
_cARTS
_bhin
041 _2hin
_ahin
082 _aO152:gN, P4
100 _aचतुर्वेदी, जगदीश्वर
_9158718
245 0 _aउत्तर आधुनिकतावाद
246 _aUttar ādhunikatāvāda
260 _aदिल्ली
_b स्वराज प्रकाशन
_c2004
300 _a392पृ.
_ccm.
942 _hO152:gN, P4
_cTEXL
_2CC
999 _c295914
_d295914